Rafael Nadal 2-Set Comebacks - Statistics

General Stats
  • This quiz has been taken 94 times
  • The average score is 4 of 7
Answer Stats
Hint Answer % Correct
2022 Australian Open (W) Daniil Medvedev
100%
2005 Miami Open (L) Roger Federer
98%
2021 Australian Open (L) Stefanos Tsitsipas
72%
2015 US Open (L) Fabio Fognini
60%
2005 Madrid Open (W) Ivan Ljubicic
24%
2007 Wimbledon (W) Mikhail Youzhny
13%
2006 Wimbledon (W) Robert Kendrick
12%
No matching quizzes found
Score Distribution
Percent of People with Each Score
Percentile by Number Answered
Your Score History
You have not taken this quiz